000 00696 a2200217 4500
003 UA-OsUOA
005 20260507143141.0
008 260507b un ||||| |||| 00| 0 ukr d
040 _aUA-OsUOA
_bukr
_cUA-OsUOA
_dUA-OsUOA
041 _aukr
080 _a94(477)
090 _a94(477)
_bГ72
100 _aГосподин А.
_925195
245 _aМазепа у світовій літературі
260 _bПросвіта
_c1987
_aВінніпеґ
300 _a58 с.
650 _2UDC
_a94(477) Історія України
_91446
942 _cBK
_2udc
955 _a4
999 _c580661
_d580661